Rahul shankrityayan: (Record no. 37039)

000 -LEADER
fixed length control field 00434nam a22001571a 4500
082 ## - DEWEY DECIMAL CLASSIFICATION NUMBER
Classification number H 891.430 92
Item number RAJ/R
100 ## - MAIN ENTRY--AUTHOR NAME
Personal name Rajeswari Shandilya
245 ## - TITLE STATEMENT
Title Rahul shankrityayan:
Sub Title vyaktitva evam krititva
Statement of responsibility, etc by Rajeswari Shandilya
260 ## - PUBLICATION, DISTRIBUTION, ETC. (IMPRINT)
Place of publication Kanpur:
Name of publisher Alka,
Year of publication 1995.
300 ## - PHYSICAL DESCRIPTION
Number of Pages 314p.
650 ## - SUBJECT ADDED ENTRY--TOPICAL TERM
Topical Term Autobiography Rahul Samskrithyayen
650 ## - SUBJECT ADDED ENTRY--TOPICAL TERM
Topical Term Autobiography
650 ## - SUBJECT ADDED ENTRY--TOPICAL TERM
Topical Term Literature Hindi
650 ## - SUBJECT ADDED ENTRY--TOPICAL TERM
Topical Term Literature
942 ## - ADDED ENTRY ELEMENTS (KOHA)
Koha item type Book
Holdings
Withdrawn status Lost status Damaged status Not for loan Permanent Location Current Location Date acquired Cost, normal purchase price Full call number Accession Number Cost, replacement price Price effective from Koha item type
        Sree Sankaracharya University of Sanskrit Sree Sankaracharya University of Sanskrit 08.01.2015 200.00 H 891.430 92 RAJ/R 043426 0.00 08.01.2015 Book